000 01122nam a22003731 4500
001 001008755
003 DO-SdBNP
005 20171212115721.0
007 001008755
008 920725s2009 mx spa
016 7 _a
_z
_2BPMSU
020 _a9789701072820
035 _a
040 _aBPMSU
_bspa
_cBPMSU
080 0 _a
082 _a658.8
_b
100 2 _a
245 1 0 _aAdministración de ventas /
_h
_cMark W Johnston, Greg W Marshall ; traducción Ricardo Martín Ruiz
250 _a9a. ed.
260 _aMéxico :
_bMCGrawHill
_c2009
300 _axviii, 498 p. :
_b il. ;
_c 27 cm.
650 7 _a Administración de ventas.
_2
650 7 _aPromoción de ventas.
650 7 _aVendedores y arte de vender.
650 7 _aTécnicas de ventas.
700 1 _a Marshall, Greg W
700 1 _aRuiz, Ricardo Martín
_etr.
700 1 _aMeza Staines, Guadalupe
_etr.
700 1 _aGarza G., Mario de la,
_e rev.
700 1 _aReyes Martínez, Javier,
_eed.
942 _2ddc
_cBK
945 _ainventariado extranjero / DG
956 _aVMATEO
_210
_320160601
_6BPMSU
_80069
999 _c10261
_d10261